| 000 | 00587aam a2200241 4500 | ||
|---|---|---|---|
| 005 | 20160926121411.0 | ||
| 008 | 150406b xxu||||| |||| 00| 0 spa d | ||
| 041 | _aspa | ||
| 082 | _a972.860.1 F363h | ||
| 100 |
_aFernandez, Severiano _922714 |
||
| 100 |
_aVaras, Valeria _922715 |
||
| 245 | _aHistorias Cabecares 1 | ||
| 260 | _aCosta Rica | ||
| 260 | _bEUCR | ||
| 260 | _c1989 | ||
| 300 | _a34 | ||
| 650 |
_aINDIOS DE COSTA RICA _97570 |
||
| 650 |
_aCOSTA RICA _922716 |
||
| 650 |
_aCABECARES _97551 |
||
| 650 |
_aCOSTUMBRES _94420 |
||
| 650 |
_aLEYENDAS _97761 |
||
| 942 | _cBK | ||
| 999 |
_c1087 _d1087 |
||